One Piece par la lettre J - Statistiques

Statistiques générales
  • Ce quiz a été pris 207 fois
  • Le résultat moyen est 7 sur 10
Statistiques - réponses
Indice Réponse % Correct
Timonier des chapeaux de paille Jinbe
97%
Camarade de Zunesh pendant le siècle oublié Joy Boy
95%
Se transforme en diamant Joz
86%
Hypnotiseur Jango
84%
Superstar de l'équipage de Kaido Jack
81%
Agent du CP9 Jabra
80%
Fruit du démon de Sugar Fruit du joujou
79%
Chasseur de prime ami de Zoro Johnny
74%
Membre de la Don Quichotte family Jora
53%
Chasseur de prime rencontré sur Dressrosa Jeet
19%
Aucun quiz correspondant
Distribution des résultats
% des personnes avec chaque résultat
Percentile par nombre de réponses
Votre historique - résultats
Vous n’avez pas pris ce quiz